000 00638nam a2200193Ia 4500
005 20260429112243.0
008 260429s9999||||xx |||||||||||||| ||und||
020 _a9789382848028
041 _aHindi
082 _a891.433
_bBHA
100 _aभट्टाचार्य, सुचित्रा
245 0 _aसच की जमीन पर /
_cसुचित्रा भट्टाचार्य
250 _a1st ed.
260 _aदिल्ली :
_bप्रकाशन संस्थान,
_c2013.
300 _a176 p.; Hb
650 _aNovel
700 _a गुप्ता, सुशील
942 _cTB
999 _c53144
_d53144